<?xml version="1.0" encoding="UTF-8"?><?xml-stylesheet type="text/xsl" href="static/style.xsl"?><OAI-PMH xmlns="http://www.openarchives.org/OAI/2.0/" xmlns:xsi="http://www.w3.org/2001/XMLSchema-instance" xsi:schemaLocation="http://www.openarchives.org/OAI/2.0/ http://www.openarchives.org/OAI/2.0/OAI-PMH.xsd"><responseDate>2026-06-04T19:54:37Z</responseDate><request verb="GetRecord" identifier="oai:riuma.uma.es:10630/23294" metadataPrefix="marc">https://riuma.uma.es/rest/oai/request</request><GetRecord><record><header><identifier>oai:riuma.uma.es:10630/23294</identifier><datestamp>2026-02-03T12:07:09Z</datestamp><setSpec>com_10630_2254</setSpec><setSpec>col_10630_37959</setSpec></header><metadata><record xmlns="http://www.loc.gov/MARC21/slim" xmlns:dcterms="http://purl.org/dc/terms/" xmlns:doc="http://www.lyncode.com/xoai" xmlns:xsi="http://www.w3.org/2001/XMLSchema-instance" xsi:schemaLocation="http://www.loc.gov/MARC21/slim http://www.loc.gov/standards/marcxml/schema/MARC21slim.xsd">
   <leader>00925njm 22002777a 4500</leader>
   <datafield ind2=" " ind1=" " tag="042">
      <subfield code="a">dc</subfield>
   </datafield>
   <datafield ind2=" " ind1=" " tag="720">
      <subfield code="a">Teruel-Rodríguez, Laura</subfield>
      <subfield code="e">author</subfield>
   </datafield>
   <datafield ind2=" " ind1=" " tag="720">
      <subfield code="a">Sedano, Jon</subfield>
      <subfield code="e">author</subfield>
   </datafield>
   <datafield ind2=" " ind1=" " tag="720">
      <subfield code="a">Montiel Torres, Mª Francisca</subfield>
      <subfield code="e">author</subfield>
   </datafield>
   <datafield ind2=" " ind1=" " tag="260">
      <subfield code="c">2021-10-05</subfield>
   </datafield>
   <datafield ind2=" " ind1=" " tag="520">
      <subfield code="a">La docencia universitaria afrontó en el curso de la COVID-19 un reto sin precedentes. Docentes y alumnado nos adaptamos, en cuestión de días, a la enseñanza online con el compromiso de que las circunstancias no conllevaran un empeoramiento de la calidad del aprendizaje. En este artículo se estudia cómo dos materias del Grado de Periodismo, con un fuerte componente práctico, conformaron su estrategia didáctica en este contexto. Durante el curso 2020/2021, además, la nueva normalidad impuso un sistema de enseñanza bimodal  que implicaba sus propias singularidades. Se propone, en primer lugar, ofrecer y, posteriormente, evaluar las estrategias didácticas para la innovación educativa en pandemia. En segundo lugar, se persigue cuantificar el impacto en las calificaciones de la virtualización según los perfiles del estudiantado.</subfield>
   </datafield>
   <datafield ind1="8" ind2=" " tag="024">
      <subfield code="a">https://hdl.handle.net/10630/23294</subfield>
   </datafield>
   <datafield tag="653" ind2=" " ind1=" ">
      <subfield code="a">Enseñanza asistida por ordenador</subfield>
   </datafield>
   <datafield tag="653" ind2=" " ind1=" ">
      <subfield code="a">Enseñanza superior - Innovación</subfield>
   </datafield>
   <datafield tag="653" ind2=" " ind1=" ">
      <subfield code="a">COVID-19 - Estudios, ensayos, conferencias, etc.</subfield>
   </datafield>
   <datafield ind2="0" ind1="0" tag="245">
      <subfield code="a">Estrategias para virtualizar la docencia universitaria en el Grado de Periodismo: innovación didáctica y evaluación de resultados</subfield>
   </datafield>
</record>
</metadata></record></GetRecord></OAI-PMH>